Begins with 'HU' Quiz Stats

Quiz Updated Feb 28, 2013

Also try: 'UNI'que Words
Challenge
Share
Tweet
Embed
Score 0/32 Timer 05:00
4 Plays Today
Hint Answer % Correct
Big, green superhero or wrestler HoganHulk
95.5%
This many pennies equals one dollarhundred
95%
Known taxonomically as Homo sapienshuman
92.5%
Ebenezer Scrooge phrase, 'Bah! _____!'Humbug
92.2%
Hoop that is spun using the hiphula hoop
91.8%
Blow out loudly or what the Big Bad Wolf will dohuff
90.8%
A tropical cyclonehurricane
90.3%
Term for the amount of water vapor in airhumidity
90%
When a team gathers togetherhuddle
89.1%
A male participant in a marriagehusband
88.7%
Sled dogs or University of Connecticut mascothuskies
88.5%
A landlocked country in Central EuropeHungary
83%
To make someone feel ashamed and foolishhumiliate
83%
Space telescope that was carried into orbit in 1990Hubble Space Telescope
82.8%
It provokes laughter and provides amusementhumor
81.5%
Watertight body of a ship or boathull
81.1%
Hint Answer % Correct
Cooked, mashed chickpeashummus
81.1%
Plant in the family Ericaceae or character FinnHuckleberry
75.6%
Website that streams T.V. shows, movies, etc.Hulu
73.5%
The smallest extant bird specieshummingbird
72.7%
To be quiet or a supervillain in DC comicshush
71.5%
Brand of trucks and SUVs by GMHummer
68.5%
Is a species of baleen whaleHumpback
66.5%
Word expressing doubt or confusionhuh?
65.8%
The Cosby Show familyHuxtables
65.2%
Harlem Renaissance poet LangstonHughes
56.1%
1996 animated Disney movie and Hugo novelHunchback of Notre Dame
49.8%
English sea explorer and navigator HenryHudson
46.8%
2010 Best Picture Oscar WinnerHurt Locker
35.5%
Nicknamed 'The Kingfish' LongHuey
33.3%
A province in China that borders HubeiHunan
31.1%
French Calvinists during the 16th centuryHuguenots
23.4%

You're not logged in!

Compare scores with friends on all Sporcle quizzes.
Join for Free
OR
Log In

You Might Also Like...

Show Comments

Extras

Top Quizzes Today


Score Distribution

Your Account Isn't Verified!

In order to create a playlist on Sporcle, you need to verify the email address you used during registration. Go to your Sporcle Settings to finish the process.

Report this User

Report this user for behavior that violates our Community Guidelines.

Details: